000 00715nam a2200181 a 4500
008 160720s2011 ||||||||||||||||| || u
020 _a9781847427656
050 _aHV 7419 Rob
100 _aRobinson, Anne
245 1 0 _aFoundations for offender management: theory, law and policy for contemporary practice
_cBy Anne Robinson
260 _aBristol
_bThe Policy Press
_c2011
300 _aviii, 352p.: ill.
350 _a85.00
650 _aCRIMINAL JUSTICE, ADMINISTRATION OF
650 _aCRIME PREVENTION
650 _aCRIMINALS--REHABILITATION
995 _FCBU-MAIN LIBRARY (Kitwe)
_I85.00
_M1
_UAVAILABLE
_WAug 3, 2016
_ZAnnex Low-Usage Collection
999 _c43881
_d43881